Stars Lyrics - Les Miserables - Statistics

General Stats
  • This quiz has been taken 828 times
  • The average score is 28 of 34
Answer Stats
Lyrics Answer % Correct
There, out in ___ ________ the darkness
97%
Til we come ____ __ ____ face to face
94%
And if they fall as _______ fell Lucifer
94%
And if you fall as _______ fell Lucifer
94%
Fallen from ___ God
92%
Mine is the way __ ___ ____ of the Lord
92%
A ________ _______ fugitive running
91%
Shall have their ______ reward
91%
Fallen from grace, God __ __ ________ be my witness
90%
He knows ___ ___ __ the dark his way in
89%
Stars, in your __________ multitudes
88%
Keeping watch __ ___ _____ in the night
86%
The flame, ___ _____ the sword
83%
And is ______ the same always
82%
On the _______ to paradise doorway
80%
Lord let me ____ ___ find him
80%
You hold your course and ____ ___ your aim
80%
This I swear __ ___ _____ by the stars
79%
For so it is _______ written
79%
I never shall _____ yield
79%
Must ___ ___ _____ pay the price
78%
Those who follow ___ ____ __ ___ _________ the path of the righteous
78%
That those who falter and _____ ___ ____ those who fall
78%
______ to be counted Scarce
77%
Filling the darkness with _____ ___ _____ order and light
76%
And each in your season _______ and _______ returns
76%
______ and sure Silent
75%
And so it ____ __ must be
73%
You fall in ______ flames
72%
You know ____ _____ in the sky your place
72%
That I may see him ____ ______ ____ safe behind bars
70%
Til then, ____ _ _____ this I swear
70%
I will _____ ____ never rest
69%
You are the _________ sentinels
65%
No matching quizzes found
Score Distribution
Percent of People with Each Score
Percentile by Number Answered
Your Score History
You have not taken this quiz